Acts : (Record no. 9155)
[ view plain ]
| 000 -LEADER | |
|---|---|
| fixed length control field | 02146cam a2200385 a 4500 |
| 001 - CONTROL NUMBER | |
| control field | 38976287 |
| 003 - CONTROL NUMBER IDENTIFIER | |
| control field | OCoLC |
| 005 - DATE AND TIME OF LATEST TRANSACTION | |
| control field | 20241126110706.0 |
| 008 - FIXED-LENGTH DATA ELEMENTS--GENERAL INFORMATION | |
| fixed length control field | 980413s1998 miu b 001 0 eng |
| 010 ## - | |
| -- | 98021272 |
| 020 ## - INTERNATIONAL STANDARD BOOK NUMBER | |
| International Standard Book Number | 0310494109 |
| 020 ## - INTERNATIONAL STANDARD BOOK NUMBER | |
| International Standard Book Number | 9780310494102 |
| 020 ## - INTERNATIONAL STANDARD BOOK NUMBER | |
| International Standard Book Number | 0340745908 |
| 020 ## - INTERNATIONAL STANDARD BOOK NUMBER | |
| International Standard Book Number | 9780340745908 |
| 035 ## - SYSTEM CONTROL NUMBER | |
| System control number | (OCoLC)38976287 |
| Canceled/invalid control number | (OCoLC)84981971 |
| -- | (OCoLC)796957517 |
| 040 ## - CATALOGING SOURCE | |
| Original cataloging agency | DLC |
| Language of cataloging | eng |
| Transcribing agency | DLC |
| Modifying agency | UKM |
| -- | BAKER |
| -- | NLGGC |
| -- | BTCTA |
| -- | YDXCP |
| -- | DEBBG |
| -- | OCLCQ |
| -- | CUD |
| -- | OUP |
| -- | OCLCF |
| -- | OCLCO |
| -- | CHC |
| -- | OCLCA |
| -- | AQ3 |
| -- | CIRBC |
| 050 00 - | |
| -- | BS2625.3 |
| -- | .F47 1998 |
| 082 00 - DEWEY DECIMAL CLASSIFICATION NUMBER | |
| Classification number | 220.77 |
| -- | 226.6/077 |
| Edition information | 21 |
| Item number | NIV |
| 092 0# - LOCALLY ASSIGNED DEWEY CALL NUMBER (OCLC) | |
| Filing suffix | R |
| Classification number | 220.77 |
| Item number | N734 |
| 100 1# - MAIN ENTRY--PERSONAL NAME | |
| Personal name | Fernando, Ajith. |
| 9 (RLIN) | 3283 |
| 245 10 - TITLE STATEMENT | |
| Title | Acts : |
| Remainder of title | the NIV application commentary from biblical text-- to contemporary life / |
| Statement of responsibility, etc. | Ajith Fernando. |
| 260 ## - PUBLICATION, DISTRIBUTION, ETC. | |
| Place of publication, distribution, etc. | Grand Rapids, Mich. : |
| Name of publisher, distributor, etc. | Zondervan, |
| Date of publication, distribution, etc. | ℗♭1998. |
| 300 ## - PHYSICAL DESCRIPTION | |
| Extent | 656 pages ; |
| Dimensions | 24 cm. |
| 336 ## - CONTENT TYPE | |
| Content type term | text |
| Content type code | txt |
| Source | rdacontent |
| 337 ## - MEDIA TYPE | |
| Media type term | unmediated |
| Media type code | n |
| Source | rdamedia |
| 338 ## - CARRIER TYPE | |
| Carrier type term | volume |
| Carrier type code | nc |
| Source | rdacarrier |
| 490 1# - SERIES STATEMENT | |
| Series statement | NIV application commentary |
| 504 ## - BIBLIOGRAPHY, ETC. NOTE | |
| Bibliography, etc. note | Includes bibliographical references (pages 45-48) and indexes. |
| 505 0# - FORMATTED CONTENTS NOTE | |
| Formatted contents note | Series Introduction -- General Editor's Preface -- Author's Preface -- Abbreviations -- Introduction -- Outline -- Annotated Bibliography -- Text and Commentary on Acts. |
| 520 ## - SUMMARY, ETC. | |
| Summary, etc. | Most Bible commentaries take us on a one-way trip from the twentieth century to the first century. But they leave us there, assuming that we can somehow make the return journey on our own. In other words, they focus on the original meaning of the passage but don't discuss its contemporary application. The information they offer is valuable -- but the job is only half done! The NIV Application Commentary Series helps us with both halves of the interpretive task. This new and unique series shows readers how to bring an ancient message into modern context. It explains not only what the Bible means but also how it can speak powerfully today. |
| 630 00 - SUBJECT ADDED ENTRY--UNIFORM TITLE | |
| Uniform title | Bible. |
| Name of part/section of a work | Acts |
| Form subdivision | Commentaries. |
| 9 (RLIN) | 5575 |
| 655 #7 - INDEX TERM--GENRE/FORM | |
| Genre/form data or focus term | Commentaries. |
| Source of term | fast |
| Authority record control number or standard number | (OCoLC)fst01423723 |
| 9 (RLIN) | 875 |
| 830 #0 - | |
| -- | NIV application commentary. |
| -- | 1769 |
| 942 ## - ADDED ENTRY ELEMENTS (KOHA) | |
| Source of classification or shelving scheme | Dewey Decimal Classification |
| Koha item type | Reference Books |
| Withdrawn status | Lost status | Source of classification or shelving scheme | Damaged status | Not for loan | Home library | Current Library | Shelving location | Date acquired | Total checkouts | Full call number | Barcode | Date last seen | Copy number | Price effective from | Koha item type |
|---|---|---|---|---|---|---|---|---|---|---|---|---|---|---|---|
| Dewey Decimal Classification | GRACE BIBLE COLLEGE | GRACE BIBLE COLLEGE | Commentary | 2022-04-18 | 220.77 NIV | 015551 | 2025-05-01 | v.28 | 2022-04-18 | Reference Books |